000
00414nam a2200145Ia 4500
008
100204s9999 xx 000 0 und d
082
_b
5290
100
_a
क्षीरसागर राम
245
_a
उमा
260
_b
"दिपाली प्रकाशन , कल्याण , ठाणे"
_c
1983
300
_a
192
630
_a
उमा
730
_a
उमा
942
_c
BOOK
999
_c
449903
_d
449900